00817nam a2200289 i 450000500170000000700030001700800410002002000180006104000350007904100080011404300120012208400110013410000260014524500420017125000220021326400320023530000240026733600270029133700330031833800280035150000220037965000320040165000310043365000330046494200150049799900150051220220317000209.0ta200419s2007 sp gr 000 0 spa d a9788481918021 aCO-BoRNBPbspaerdacCO-BoRNBP0 aspa as-ck--- aP MIT91 aMitre, Eduardoeautor10aVitrales de la memoriabEduardo Mitre aPrimera edición 1aValencia bPre-textosc2007 a84 páginasb23 cm atextobtxt2rdacontent asin mediaciónbn2rdamedia avolumenbnc2rdacarrier aIncluye un Indice17aAutores bolivianos 2ARMARC17aPoesía boliviana2ARMARC17aLiteratura boliviana2ARMARC 2loccBKLIT c3369d3369